Giáo trình dinh dưỡng trẻ em
Cung cấp các kiến thức dinh dưỡng nói chung, đặc biệt là dinh dưỡng cho trẻ từ 0-6 tuổi, cách theo dõi, đánh giá tình trạng dinh dưỡng của trẻ, giúp trẻ phát triển khoẻ mạnh, phòng tránh bệnh tật
Guardat en:
| Autor principal: | |
|---|---|
| Format: | Llibre |
| Idioma: | Vietnamese |
| Publicat: |
H,
Đại học Quốc gia Hà Nội
2005
|
| Edició: | In lần thứ 4 |
| Col·lecció: | Bộ Giáo dục và Đào tạo. Trường cao đẳng Sư phạm Nhà trẻ - Mẫu giáo TWI
|
| Matèries: | |
| Etiquetes: |
Afegir etiqueta
Sense etiquetes, Sigues el primer a etiquetar aquest registre!
|
| Thư viện lưu trữ: | Mạng thư viện Đại học Đà Nẵng |
|---|
| LEADER | 01530nam a2200385 4500 | ||
|---|---|---|---|
| 001 | 000006325 | ||
| 003 | 2480 | ||
| 005 | 20120524070502.0 | ||
| 008 | 110908s2005 viesd | ||
| 020 | |c 17800đ | ||
| 041 | 0 | |a vie | |
| 082 | |a 372.37 |b NG-T | ||
| 100 | 0 | |a Nguyễn Kim Thanh | |
| 245 | 0 | |a Giáo trình dinh dưỡng trẻ em |c Nguyễn Kim Thanh | |
| 250 | |a In lần thứ 4 | ||
| 260 | |a H, |b Đại học Quốc gia Hà Nội |c 2005 | ||
| 300 | |a 206 tr |c 21 cm | ||
| 490 | |a Bộ Giáo dục và Đào tạo. Trường cao đẳng Sư phạm Nhà trẻ - Mẫu giáo TWI | ||
| 504 | |a Thư mục: tr. 196 | ||
| 520 | |a Cung cấp các kiến thức dinh dưỡng nói chung, đặc biệt là dinh dưỡng cho trẻ từ 0-6 tuổi, cách theo dõi, đánh giá tình trạng dinh dưỡng của trẻ, giúp trẻ phát triển khoẻ mạnh, phòng tránh bệnh tật | ||
| 653 | |a Trẻ em | ||
| 653 | |a Dinh dưỡng | ||
| 653 | |a Giáo trình | ||
| 700 | |a Nguyễn Kim Thanh |e Tác giả | ||
| 910 | |a Nguyễn Thị Kim Oanh |d 08/09/2011 | ||
| OWN | |a LSP | ||
| AVA | |a UDN50 |b LSP |d 372.37 NG-T |e available |t Error 5001 Not defined in file expand_doc_bib_avail. |f 4 |g 0 |h N |i 0 |k 1 | ||
| 999 | |a From the UDN01 | ||
| AVA | |a UDN50 |b LSP |d 372.37 NG-T |e available |t Error 5001 Not defined in file expand_doc_bib_avail. |f 4 |g 0 |h N |i 0 |k 1 | ||
| TYP | |a Monograph | ||
| TYP | |a Printed language | ||
| 980 | |a Mạng thư viện Đại học Đà Nẵng | ||